000 00457cam a2200169u 4500
001 unk81040576
003 DLC
005 20260227112758.0
008 811123q19001981mnua 000 0 eng
010 _aunk81040576
040 _aDLC
_cCarP
_dDLC
050 0 0 _aZ7735.Z9
_bA8
110 2 _aAugsburg Publishing House.
245 1 0 _aChristmas gift suggestions.
260 _aMinneapolis, Minn.,
_bAugsburg publishing house
_c[19
300 _av.
_billus.
_c20 cm.
999 _c91337
_d91337